00800nam a2200169Ia 4500008004100000040001800041041000800059100001600067245006000083260004200143300001600185490007300201500030200274650001300576651001000589651003100599130821s1975 sp gr spa  aCo-BoUCMbspa aspa aCarr, E. H. 3aEl socialismo en un solo país (1924-1926)cE. H. Carr aMadrid (España)bAlianzac1975-1976 a[1 volumen] aAlianza Universidad. Historia de la Rusia Soviética ; 120, 151-152 aBiblioteca tiene v.2, v.3 1a. y 2a. parte. -- Contenido: v.2: La lucha en el partido. El orden soviético. -- v.3: Las relaciones exteriores: 1a. Parte: La Unión Soviética y Occidente. La estructura de la Comintern. -- 2a. parte: La Unión Soviética y Oriente. La estructura de la Cominter04aHistoria aRusia aRusiaxHistoriay1924-1926